[Event "BCF-chT4 2223 (4NCL)"]
[Site "England"]
[Date "2023.03.26"]
[Round "8.158"]
[White "Tringali, Alessandro"]
[Black "Haslehurst, Harriet"]
[Result "0-1"]
[WhiteElo "1704"]
[BlackElo "1530"]
[PlyCount "56"]
[EventDate "2022.11.05"]
[EventType "team-swiss"]
[EventRounds "11"]
[EventCountry "ENG"]
[SourceTitle "EXT 2024"]
[Source "ChessBase"]
[SourceDate "2023.10.10"]
[SourceVersion "1"]
[SourceVersionDate "2023.10.10"]
[SourceQuality "1"]
[WhiteTeam "Oxford IV"]
[BlackTeam "Crowthorne II"]
[WhiteTeamCountry "ENG"]
[BlackTeamCountry "ENG"]

1. e4 e5 2. Nf3 Nf6 3. Nc3 Nc6 4. Bb5 Bb4 5. 0-0 0-0 6. d3 h6 7. Bxc6 bxc6 8. Nxe5 Bb7 9. Bd2 Bxc3 10. Bxc3 d5 11. Ng4 d4 12. Nxf6+ Qxf6 13. Bb4 Rfe8 14. f4 Rab8 15. e5 Qe6 16. c3 Qd5 17. c4 Qd7 18. Bc5 Bc8 19. Bxa7 Rxb2 20. Rf2 Rxf2 21. Kxf2 Re6 22. Bc5 Rg6 23. Qf3 f6 24. Qe4 Qg4 25. g3 fxe5 26. Qxe5 Re6 27. Qxd4 Re2+ 28. Kf1 Qf3+ 0-1

[Event "BCF-chT4S 1819 (4NCL)"]
[Site "England"]
[Date "2019.01.13"]
[Round "4.144"]
[White "Haslehurst, Harriet"]
[Black "Sheikh, Anum"]
[Result "1-0"]
[WhiteElo "1479"]
[BlackElo "1600"]
[PlyCount "75"]
[EventDate "2018.11.17"]
[EventType "team-swiss"]
[EventRounds "11"]
[EventCountry "ENG"]
[SourceTitle "EXT 2021"]
[Source "ChessBase"]
[SourceDate "2020.10.23"]
[SourceVersion "1"]
[SourceVersionDate "2020.10.23"]
[SourceQuality "1"]
[WhiteTeam "Crowthorne II"]
[BlackTeam "Rook & Roll"]
[WhiteTeamCountry "ENG"]
[BlackTeamCountry "ENG"]

1. d4 f5 2. Nf3 Nf6 3. c4 d6 4. Nc3 g6 5. e3 Bg7 6. Be2 0-0 7. 0-0 Qe8 8. b4 c5 9. Nb5 Na6 10. a3 Ne4 11. Bb2 g5 12. Nd2 Nxd2 13. Qxd2 Qg6 14. f4 g4 15. Bd3 b6 16. Rae1 Bb7 17. d5 Bxb2 18. Qxb2 Qg7 19. Qb1 Bc8 20. e4 fxe4 21. Bxe4 Rf7 22. g3 Bd7 23. bxc5 Nxc5 24. Bg2 Bf5 25. Qd1 Bd3 26. Rf2 Bxc4 27. Nd4 Nd3 28. Ne6 Nxf2 29. Kxf2 Qb2+ 30. Kg1 h5 31. Ng5 Rg7 32. Ne6 Rf7 33. Ng5 Rg7 34. Ne6 Rc8 35. Nxg7 Qxg7 36. Qd2 Bb3 37. Qe3 Ba4 38. Qe6+ 1-0